[Event "Zadar op 12th"]
[Site "Zadar"]
[Date "2005.12.13"]
[Round "2"]
[White "Lukin, Andrei M"]
[Black "Dabo Peranic, Robert"]
[Result "1/2-1/2"]
[WhiteElo "2417"]
[BlackElo "2262"]
[PlyCount "55"]
[EventDate "2005.12.12"]
[EventType "swiss"]
[EventRounds "9"]
[EventCountry "CRO"]
[SourceTitle "CBM 109 Extra"]
[Source "ChessBase"]
[SourceDate "2006.01.03"]
[SourceVersion "2"]
[SourceVersionDate "2006.01.03"]
[SourceQuality "1"]

1. e4 e5 2. Nf3 Nc6 3. Bb5 a6 4. Ba4 Nf6 5. 0-0 Be7 6. Re1 b5 7. Bb3 d6 8. c3 0-0 9. h3 Na5 10. Bc2 c5 11. d4 Qc7 12. Nbd2 Nc6 13. d5 Nd8 14. a4 Rb8 15. Nf1 Ne8 16. Ng3 g6 17. axb5 axb5 18. Nh2 f6 19. f4 exf4 20. Bxf4 Nf7 21. Qe2 Ng7 22. Ra2 Bd7 23. Rea1 Rfc8 24. Nf3 Qd8 25. b3 Ne8 26. Be3 Ra8 27. Bd3 Nc7 28. Qb2 1/2-1/2

[Event "Zadar op 12th"]
[Site "Zadar"]
[Date "2005.12.12"]
[Round "1"]
[White "Brulic, Denis"]
[Black "Lukin, Andrei M"]
[Result "1/2-1/2"]
[WhiteElo "2247"]
[BlackElo "2417"]
[PlyCount "42"]
[EventDate "2005.12.12"]
[EventType "swiss"]
[EventRounds "9"]
[EventCountry "CRO"]
[SourceTitle "CBM 109 Extra"]
[Source "ChessBase"]
[SourceDate "2006.01.03"]
[SourceVersion "2"]
[SourceVersionDate "2006.01.03"]
[SourceQuality "1"]

1. d4 Nf6 2. c4 e6 3. Nf3 b6 4. a3 c5 5. Nc3 cxd4 6. Nxd4 Bb7 7. Bg5 a6 8. Qb3 Nc6 9. e3 Nxd4 10. exd4 Be7 11. f3 0-0 12. Be2 Bc6 13. 0-0 d5 14. Rad1 dxc4 15. Bxc4 Nd5 16. Bxe7 Nxe7 17. d5 exd5 18. Nxd5 Nxd5 19. Bxd5 Bxd5 20. Rxd5 Qc7 21. Rfd1 Rad8 1/2-1/2

[Event "Budapest FS09 GM"]
[Site "Budapest"]
[Date "2004.09.12"]
[Round "9"]
[White "Lukin, Andrei M"]
[Black "Sammalvuo, Tapani"]
[Result "1/2-1/2"]
[WhiteElo "2417"]
[BlackElo "2445"]
[PlyCount "40"]
[EventDate "2004.09.04"]
[EventType "tourn"]
[EventRounds "13"]
[EventCountry "HUN"]
[EventCategory "8"]
[SourceTitle "CBM 102 Extra"]
[Source "ChessBase"]
[SourceDate "2004.11.03"]
[SourceVersion "1"]
[SourceVersionDate "2004.11.03"]
[SourceQuality "1"]

1. e4 c5 2. Nf3 d6 3. c3 Nf6 4. Bd3 Nc6 5. Bc2 Bg4 6. d3 g6 7. Nbd2 Bg7 8. h3 Bd7 9. 0-0 0-0 10. a3 Nh5 11. Re1 b5 12. Nf1 h6 13. d4 cxd4 14. cxd4 e5 15. Be3 Rc8 16. Rc1 Qf6 17. dxe5 Nxe5 18. Nxe5 Qxe5 19. Rb1 Be6 20. Bb3 Bxb3 1/2-1/2

[Event "Budapest FS09 GM"]
[Site "Budapest"]
[Date "2004.09.09"]
[Round "6"]
[White "Lukin, Andrei M"]
[Black "Erenburg, Sergey"]
[Result "1/2-1/2"]
[WhiteElo "2417"]
[BlackElo "2533"]
[PlyCount "36"]
[EventDate "2004.09.04"]
[EventType "tourn"]
[EventRounds "13"]
[EventCountry "HUN"]
[EventCategory "8"]
[SourceTitle "CBM 102 Extra"]
[Source "ChessBase"]
[SourceDate "2004.11.03"]
[SourceVersion "1"]
[SourceVersionDate "2004.11.03"]
[SourceQuality "1"]

1. e4 c6 2. d4 d5 3. Nd2 dxe4 4. Nxe4 Bf5 5. Ng3 Bg6 6. N1e2 Nf6 7. Nf4 e5 8. Nxg6 hxg6 9. dxe5 Qa5+ 10. Bd2 Qxe5+ 11. Qe2 Qxe2+ 12. Bxe2 Nbd7 13. 0-0 Bd6 14. Rad1 a5 15. Rfe1 0-0 16. Bc1 Bb4 17. c3 Bc5 18. Bf3 Rfe8 1/2-1/2

[Event "Budapest FS09 GM"]
[Site "Budapest"]
[Date "2004.09.08"]
[Round "5"]
[White "Dearing, Eddie"]
[Black "Lukin, Andrei M"]
[Result "1/2-1/2"]
[WhiteElo "2392"]
[BlackElo "2417"]
[PlyCount "35"]
[EventDate "2004.09.04"]
[EventType "tourn"]
[EventRounds "13"]
[EventCountry "HUN"]
[EventCategory "8"]
[SourceTitle "CBM 102 Extra"]
[Source "ChessBase"]
[SourceDate "2004.11.03"]
[SourceVersion "1"]
[SourceVersionDate "2004.11.03"]
[SourceQuality "1"]

1. d4 Nf6 2. c4 e6 3. Nc3 Bb4 4. Qc2 0-0 5. a3 Bxc3+ 6. Qxc3 b6 7. Bg5 Bb7 8. e3 d6 9. f3 Nbd7 10. Bd3 h6 11. Bh4 c5 12. Ne2 Rc8 13. Qb3 cxd4 14. exd4 d5 15. 0-0 dxc4 16. Bxc4 a6 17. a4 Rc6 18. Qd3 1/2-1/2

[Event "Biel MTO op"]
[Site "Biel"]
[Date "2004.07.29"]
[Round "10"]
[White "Kritz, Leonid"]
[Black "Lukin, Andrei M"]
[Result "1-0"]
[WhiteElo "2541"]
[BlackElo "2417"]
[PlyCount "73"]
[EventDate "2004.07.19"]
[EventType "swiss"]
[EventRounds "11"]
[EventCountry "SUI"]
[SourceTitle "EXT 2005"]
[Source "ChessBase"]
[SourceDate "2004.11.15"]
[SourceVersion "1"]
[SourceVersionDate "2004.11.15"]
[SourceQuality "1"]

1. e4 c5 2. Nf3 d6 3. d4 cxd4 4. Nxd4 Nf6 5. Nc3 a6 6. Be3 e5 7. Nb3 Be6 8. f3 Be7 9. Qd2 0-0 10. 0-0-0 Qc7 11. g4 Rc8 12. g5 Nh5 13. Kb1 Nd7 14. Qf2 Qd8 15. h4 Rxc3 16. bxc3 Qc7 17. Qe1 Nb6 18. Ka1 Nc4 19. Bc1 b5 20. Bh3 Bxh3 21. Rxh3 a5 22. Rh2 a4 23. Nd2 Nb6 24. Nf1 g6 25. Ne3 Nf4 26. Ba3 Rd8 27. Bb4 d5 28. Nxd5 Nbxd5 29. exd5 Bxb4 30. cxb4 a3 31. c3 Nxd5 32. Rc2 Nb6 33. Rxd8+ Qxd8 34. Re2 Nc4 35. f4 h6 36. fxe5 hxg5 37. e6 1-0

[Event "Biel MTO op"]
[Site "Biel"]
[Date "2004.07.27"]
[Round "8"]
[White "Kolbus, Dietmar"]
[Black "Lukin, Andrei M"]
[Result "1/2-1/2"]
[WhiteElo "2303"]
[BlackElo "2417"]
[PlyCount "62"]
[EventDate "2004.07.19"]
[EventType "swiss"]
[EventRounds "11"]
[EventCountry "SUI"]
[SourceTitle "EXT 2005"]
[Source "ChessBase"]
[SourceDate "2004.11.15"]
[SourceVersion "1"]
[SourceVersionDate "2004.11.15"]
[SourceQuality "1"]

1. c4 e5 2. Nc3 Nc6 3. g3 f5 4. Bg2 Nf6 5. e3 g6 6. Nge2 Bg7 7. 0-0 0-0 8. d3 d6 9. Nd5 Be6 10. Nec3 Rb8 11. Nxf6+ Bxf6 12. Nd5 Bg7 13. Rb1 a6 14. b3 Qd7 15. Bb2 Kh8 16. f4 Bg8 17. Qd2 Nd8 18. Nb4 Ne6 19. Rbd1 c5 20. Nd5 b5 21. Ba1 Nc7 22. Nxc7 Qxc7 23. fxe5 dxe5 24. Bd5 g5 25. Bxg8 Kxg8 26. cxb5 axb5 27. d4 exd4 28. exd4 f4 29. gxf4 gxf4 30. dxc5 Bxa1 31. Rxa1 Qxc5+ 1/2-1/2

[Event "Biel MTO op"]
[Site "Biel"]
[Date "2004.07.25"]
[Round "6"]
[White "Shariyazdanov, Andrey"]
[Black "Lukin, Andrei M"]
[Result "1-0"]
[WhiteElo "2572"]
[BlackElo "2417"]
[PlyCount "99"]
[EventDate "2004.07.19"]
[EventType "swiss"]
[EventRounds "11"]
[EventCountry "SUI"]
[SourceTitle "CBM 101 Extra"]
[Source "ChessBase"]
[SourceDate "2004.09.01"]
[SourceVersion "2"]
[SourceVersionDate "2004.09.01"]
[SourceQuality "1"]

1. d4 d5 2. c4 dxc4 3. e3 Nf6 4. Bxc4 e6 5. Nf3 c5 6. 0-0 a6 7. Bd3 cxd4 8. exd4 Be7 9. Bg5 0-0 10. Nc3 Bd7 11. Ne5 Bc6 12. Rc1 Nbd7 13. Nxc6 bxc6 14. Na4 Qc7 15. Qf3 Rfc8 16. b3 Bd6 17. h4 Nd5 18. Rc4 a5 19. Rfc1 Qb7 20. g3 Bb4 21. Qe4 N7f6 22. Qe2 h6 23. Bxf6 Nxf6 24. Bb1 Qb5 25. Be4 Nxe4 26. Qxe4 Ra6 27. R1c2 Qd5 28. Qe2 Qb5 29. Nb2 Bf8 30. Nd1 Ra7 31. Nc3 Qb6 32. d5 exd5 33. Nxd5 Qd8 34. Ne3 Qf6 35. Qg4 Raa8 36. Qd7 c5 37. Rf4 Qg6 38. Rd2 Re8 39. Nf5 Re1+ 40. Kg2 Qa6 41. Ne3 Ra7 42. Qd3 Qc6+ 43. Qe4 Qc8 44. Qd5 Qe8 45. Re4 Re7 46. Rxe7 Qxe7 47. h5 Qe8 48. Qb7 Qe5 49. Qf3 Ra1 50. Rd8 1-0

[Event "Rilton Cup 33rd"]
[Site "Stockholm"]
[Date "2004.01.02"]
[Round "6"]
[White "Lukin, Andrei M"]
[Black "Lindh, Fredrik"]
[Result "1-0"]
[WhiteElo "2431"]
[BlackElo "2196"]
[PlyCount "119"]
[EventDate "2003.12.27"]
[EventType "swiss"]
[EventRounds "9"]
[EventCountry "SWE"]
[SourceTitle "CBM 097 Extra"]
[Source "ChessBase"]
[SourceDate "2004.01.13"]
[SourceVersion "1"]
[SourceVersionDate "2004.01.13"]
[SourceQuality "1"]

1. e4 c5 2. Nf3 Nc6 3. d4 cxd4 4. Nxd4 Nf6 5. Nc3 e5 6. Ndb5 d6 7. Bg5 a6 8. Na3 b5 9. Nd5 Be7 10. Bxf6 Bxf6 11. c3 Ne7 12. Nxf6+ gxf6 13. Qd2 Bb7 14. 0-0-0 Bxe4 15. Qxd6 Qxd6 16. Rxd6 f5 17. f3 Bc6 18. Be2 Rg8 19. g3 Rd8 20. Rh6 Ng6 21. Rxh7 f4 22. Nc2 Ke7 23. Nb4 Bb7 24. Rd1 Rxd1+ 25. Bxd1 Nf8 26. Rh5 fxg3 27. hxg3 Rxg3 28. Rxe5+ Ne6 29. Re3 Kd6 30. Rd3+ Kc7 31. Nc2 Nf4 32. Re3 Nd5 33. Re5 Kd6 34. Re1 Nf4 35. Re3 Nd5 36. Rd3 Kc5 37. Nd4 Nf4 38. Re3 Nd5 39. Re8 Rg1 40. Kd2 Rg2+ 41. Re2 Rxe2+ 42. Nxe2 b4 43. cxb4+ Nxb4 44. Nc1 Bd5 45. a3 Nc6 46. Kc3 a5 47. Nd3+ Kd6 48. b4 axb4+ 49. Nxb4 Nxb4 50. Kxb4 Ke5 51. Kc5 Ba8 52. a4 f5 53. a5 Kf4 54. a6 Ke3 55. a7 f4 56. Bb3 Bxf3 57. Bd5 Bxd5 58. Kxd5 f3 59. a8Q f2 60. Qa6 1-0

[Event "St Petersburg-Moscow"]
[Site "St Petersburg"]
[Date "2003.05.03"]
[Round "1"]
[White "Lukin, Andrei M"]
[Black "Gabrielian, Artur"]
[Result "0-1"]
[WhiteElo "2434"]
[BlackElo "2470"]
[PlyCount "54"]
[EventDate "2003.05.03"]
[EventType "team"]
[EventRounds "2"]
[EventCountry "RUS"]
[SourceTitle "CBM 095"]
[Source "ChessBase"]
[SourceDate "2003.07.25"]
[SourceVersion "1"]
[SourceVersionDate "2003.07.25"]
[SourceQuality "1"]

1. e4 c5 2. Nf3 e6 3. d4 cxd4 4. Nxd4 Nf6 5. Nc3 d6 6. g4 Nc6 7. g5 Nd7 8. Be3 Be7 9. h4 0-0 10. Be2 a6 11. a3 Qc7 12. f4 b5 13. Qd2 Bb7 14. 0-0-0 Nc5 15. Bf3 Na5 16. Kb1 Nc4 17. Qe1 Rab8 18. Bc1 Na4 19. Na2 e5 20. Nf5 exf4 21. b3 Ne5 22. Rf1 Nc5 23. Nc3 Rfc8 24. Nd5 Bxd5 25. Nxe7+ Qxe7 26. exd5 Qc7 27. Qd2 Nxf3 0-1

[Event "St Petersburg White Nights op1"]
[Site "St Petersburg"]
[Date "2002.??.??"]
[Round "3"]
[White "Lukin, Andrei M"]
[Black "Kovalevskaya, Ekaterina"]
[Result "1/2-1/2"]
[WhiteElo "2415"]
[BlackElo "2462"]
[PlyCount "23"]
[EventDate "2002.??.??"]
[EventType "swiss"]
[EventRounds "9"]
[EventCountry "RUS"]
[SourceTitle "EXT 2003"]
[Source "ChessBase"]
[SourceDate "2002.11.25"]
[SourceVersion "1"]
[SourceVersionDate "2002.11.25"]
[SourceQuality "1"]

1. d4 Nf6 2. c4 d6 3. Nc3 e5 4. dxe5 dxe5 5. Qxd8+ Kxd8 6. Nf3 Nfd7 7. Bd2 f6 8. 0-0-0 c6 9. Rg1 Kc7 10. g4 a5 11. g5 Nc5 12. gxf6 1/2-1/2

[Event "St Petersburg White Nights op1"]
[Site "St Petersburg"]
[Date "2002.??.??"]
[Round "1"]
[White "Lukin, Andrei M"]
[Black "Shutalev, Mikhail"]
[Result "1-0"]
[WhiteElo "2415"]
[BlackElo "2138"]
[PlyCount "77"]
[EventDate "2002.??.??"]
[EventType "swiss"]
[EventRounds "9"]
[EventCountry "RUS"]
[SourceTitle "EXT 2003"]
[Source "ChessBase"]
[SourceDate "2002.11.25"]
[SourceVersion "1"]
[SourceVersionDate "2002.11.25"]
[SourceQuality "1"]

1. e4 e6 2. d4 b6 3. Nf3 Bb7 4. Bd3 c5 5. Nc3 cxd4 6. Nxd4 Nc6 7. Nxc6 Bxc6 8. 0-0 Nf6 9. Kh1 a6 10. a3 Qc7 11. f4 Qb7 12. Qe2 Be7 13. e5 Nd5 14. Ne4 b5 15. f5 Qc7 16. fxe6 dxe6 17. Ng5 Bxg5 18. Bxg5 h6 19. Bd2 h5 20. c4 bxc4 21. Bxc4 Qb7 22. a4 Nb6 23. Bb3 Nd7 24. Ra3 h4 25. h3 Nc5 26. Bc2 Rd8 27. Be3 Ne4 28. Bxe4 Bxe4 29. Bc5 Rc8 30. Rc3 Rh6 31. Rf4 Bf5 32. Rb4 Qa8 33. Kh2 Qd5 34. Rd4 Qb7 35. b4 Rg6 36. Rxh4 f6 37. Rf3 Kf7 38. Rxf5 exf5 39. Qc4+ 1-0

[Event "St Petersburg White Nights op"]
[Site "St Petersburg"]
[Date "2001.06.10"]
[Round "2"]
[White "Krivko, Yuri"]
[Black "Lukin, Andrei M"]
[Result "1/2-1/2"]
[WhiteElo "2240"]
[BlackElo "2423"]
[PlyCount "40"]
[EventDate "2001.06.09"]
[EventType "swiss"]
[EventRounds "9"]
[EventCountry "RUS"]
[SourceTitle "CBM 082 Extra"]
[Source "ChessBase"]
[SourceDate "2001.07.03"]
[SourceVersion "1"]
[SourceVersionDate "2001.07.03"]
[SourceQuality "1"]

1. d4 Nf6 2. Nf3 e6 3. Bg5 h6 4. Bxf6 Qxf6 5. Nbd2 g6 6. c3 Bg7 7. e3 0-0 8. Be2 Qe7 9. a4 a5 10. Qb3 d6 11. 0-0 Nd7 12. Nc4 b6 13. Na3 Bb7 14. Nb5 Rac8 15. Nd2 e5 16. Bf3 e4 17. Be2 Kh8 18. Rae1 f5 19. f4 Nf6 20. Bc4 Rce8 1/2-1/2

[Event "Chigorin Memorial 08th"]
[Site "St Petersburg"]
[Date "2000.11.09"]
[Round "8"]
[White "Lukin, Andrei M"]
[Black "Maslak, Konstantin"]
[Result "1-0"]
[WhiteElo "2439"]
[BlackElo "2306"]
[PlyCount "95"]
[EventDate "2000.10.31"]
[EventType "swiss"]
[EventRounds "9"]
[EventCountry "RUS"]
[SourceTitle "EXT 2001"]
[Source "ChessBase"]
[SourceDate "2000.11.22"]
[SourceVersion "1"]
[SourceVersionDate "2000.11.22"]
[SourceQuality "1"]

1. e4 d5 2. exd5 Nf6 3. d4 Nxd5 4. Nf3 g6 5. c4 Nb6 6. Nc3 Bg7 7. c5 Nd5 8. Bc4 c6 9. 0-0 0-0 10. Re1 Bg4 11. Bg5 Re8 12. Qb3 Bxf3 13. gxf3 Qd7 14. Nxd5 cxd5 15. Bxd5 Qf5 16. Bxe7 Nc6 17. Be4 Qh5 18. Bd6 Nxd4 19. Qxb7 Rad8 20. Bd5 Qf5 21. Rad1 h5 22. Re3 h4 23. Rde1 Rxe3 24. fxe3 Nc2 25. Re2 Nxe3 26. Qe7 Rd7 27. Qxe3 Qxd5 28. Rd2 Qc4 29. Qe8+ Kh7 30. Kg2 h3+ 31. Kxh3 Qf1+ 32. Kg3 Bf6 33. Qxd7 Qg1+ 34. Rg2 Qe1+ 35. Rf2 Qg1+ 36. Rg2 Qe1+ 37. Rf2 Qg1+ 38. Kh3 Qxf2 39. Qxf7+ Bg7 40. Qd5 Qf1+ 41. Kg4 Qg2+ 42. Bg3 Qxb2 43. c6 Qb4+ 44. Qe4 Qb5 45. h4 a5 46. a4 Qa6 47. Kh3 Qc8+ 48. Kg2 1-0

[Event "Chigorin Memorial 08th"]
[Site "St Petersburg"]
[Date "2000.11.05"]
[Round "5"]
[White "Lukin, Andrei M"]
[Black "Ignatiev, Alexander"]
[Result "1/2-1/2"]
[WhiteElo "2439"]
[BlackElo "2302"]
[PlyCount "82"]
[EventDate "2000.10.31"]
[EventType "swiss"]
[EventRounds "9"]
[EventCountry "RUS"]
[SourceTitle "EXT 2001"]
[Source "ChessBase"]
[SourceDate "2000.11.22"]
[SourceVersion "1"]
[SourceVersionDate "2000.11.22"]
[SourceQuality "1"]

1. e4 d6 2. d4 g6 3. c4 Bg7 4. Nc3 Nf6 5. Be2 0-0 6. Bg5 h6 7. Be3 e5 8. d5 Nbd7 9. Qd2 Kh7 10. 0-0-0 Nc5 11. f3 Nh5 12. g3 a6 13. f4 Nf6 14. Bxc5 dxc5 15. Nf3 exf4 16. gxf4 Nh5 17. e5 Bf5 18. Qe3 b5 19. cxb5 axb5 20. Bxb5 Qe7 21. a4 Rfb8 22. Rde1 Bd7 23. Rhf1 Bxb5 24. axb5 Qd7 25. Nd2 Qf5 26. Qe4 Qh3 27. f5 Ra1+ 28. Ndb1 Qxh2 29. fxg6+ fxg6 30. Rh1 Qf4+ 31. Qxf4 Nxf4 32. Kc2 g5 33. d6 cxd6 34. exd6 Ra7 35. Na3 Rd7 36. Nc4 Kg6 37. b6 Rbb7 38. Ne4 Ne6 39. Kb1 h5 40. Ng3 Nf4 41. Ne4 Ne6 1/2-1/2

[Event "Chigorin Memorial 08th"]
[Site "St Petersburg"]
[Date "2000.11.01"]
[Round "2"]
[White "Krassilnikov, Evgeni"]
[Black "Lukin, Andrei M"]
[Result "1/2-1/2"]
[WhiteElo "2262"]
[BlackElo "2439"]
[PlyCount "45"]
[EventDate "2000.10.31"]
[EventType "swiss"]
[EventRounds "9"]
[EventCountry "RUS"]
[SourceTitle "EXT 2001"]
[Source "ChessBase"]
[SourceDate "2000.11.22"]
[SourceVersion "1"]
[SourceVersionDate "2000.11.22"]
[SourceQuality "1"]

1. e4 c5 2. c3 g6 3. d4 cxd4 4. cxd4 d5 5. e5 Nc6 6. Nc3 Bg7 7. Bb5 Nh6 8. h3 0-0 9. Nf3 f6 10. exf6 exf6 11. Bxc6 bxc6 12. 0-0 g5 13. Re1 Nf7 14. b3 Nd6 15. Ba3 Bf5 16. Rc1 Rf7 17. g4 Bg6 18. Re6 Rd7 19. Na4 Bf7 20. Re1 Rc8 21. Nc5 Re7 22. Rxe7 Qxe7 23. Nd3 1/2-1/2

[Event "Chigorin Memorial 07th"]
[Site "St Petersburg"]
[Date "1999.11.06"]
[Round "5"]
[White "Lukin, Andrei M"]
[Black "Galkin, Alexander"]
[Result "1/2-1/2"]
[WhiteElo "2438"]
[BlackElo "2535"]
[PlyCount "37"]
[EventDate "1999.11.02"]
[EventType "swiss"]
[EventRounds "9"]
[EventCountry "RUS"]
[SourceTitle "CBM 074"]
[Source "ChessBase"]
[SourceDate "2000.02.01"]
[SourceVersion "1"]
[SourceVersionDate "2000.02.01"]
[SourceQuality "1"]

1. e4 c5 2. Nf3 e6 3. d4 cxd4 4. Nxd4 a6 5. Nc3 d6 6. f4 Nf6 7. Qf3 Qb6 8. Nb3 Nc6 9. Be3 Qc7 10. Bd3 b5 11. 0-0 Bb7 12. a4 b4 13. Ne2 Be7 14. Ned4 Nxd4 15. Bxd4 0-0 16. Qg3 Nh5 17. Qg4 Nf6 18. Qg3 Nh5 19. Qg4 1/2-1/2

[Event "Chigorin Memorial 07th"]
[Site "St Petersburg"]
[Date "1999.11.03"]
[Round "2"]
[White "Manakov, Ilya"]
[Black "Lukin, Andrei M"]
[Result "0-1"]
[WhiteElo "2280"]
[BlackElo "2438"]
[PlyCount "100"]
[EventDate "1999.11.02"]
[EventType "swiss"]
[EventRounds "9"]
[EventCountry "RUS"]
[SourceTitle "CBM 074"]
[Source "ChessBase"]
[SourceDate "2000.02.01"]
[SourceVersion "1"]
[SourceVersionDate "2000.02.01"]
[SourceQuality "1"]

1. e4 c5 2. Nc3 e6 3. Nf3 d6 4. d4 cxd4 5. Nxd4 Nf6 6. Be3 a6 7. Be2 Qc7 8. 0-0 b5 9. f3 Nbd7 10. a4 b4 11. Na2 d5 12. c3 Bd6 13. Kh1 b3 14. Nb4 dxe4 15. Qxb3 0-0 16. Qd1 Bb7 17. Bg1 Nc5 18. fxe4 Nfxe4 19. Nd3 Rad8 20. Bf3 Rfe8 21. Nxc5 Bxc5 22. Qe1 f5 23. Rd1 Bd6 24. Qh4 Qc4 25. Be2 Qc8 26. Bf3 Be7 27. Qh5 Bf6 28. Bxe4 Bxe4 29. Nf3 Qb7 30. Bd4 e5 31. Bg1 Qxb2 32. Rc1 Qa2 33. Bf2 g6 34. Qh6 Bxf3 35. gxf3 Qxa4 36. Bg3 Qc4 37. Rf2 Rd3 38. Re1 Qxc3 39. Rc1 Bg7 40. Rxc3 Rd1+ 41. Kg2 Bxh6 42. Rc6 a5 43. Ra6 Rd5 44. Re2 Bd2 45. Ra7 e4 46. fxe4 fxe4 47. Be1 Bxe1 48. Rxe1 e3 49. Rc1 e2 50. Rcc7 Rh5 0-1

[Event "Chigorin Memorial 07th"]
[Site "St Petersburg"]
[Date "1999.11.02"]
[Round "1"]
[White "Lukin, Andrei M"]
[Black "Mishchenko, Victor"]
[Result "1/2-1/2"]
[WhiteElo "2438"]
[BlackElo "2254"]
[PlyCount "55"]
[EventDate "1999.11.02"]
[EventType "swiss"]
[EventRounds "9"]
[EventCountry "RUS"]
[SourceTitle "CBM 074"]
[Source "ChessBase"]
[SourceDate "2000.02.01"]
[SourceVersion "1"]
[SourceVersionDate "2000.02.01"]
[SourceQuality "1"]

1. e4 c5 2. Nf3 Nc6 3. d4 cxd4 4. Nxd4 Nf6 5. Nc3 d6 6. Bc4 Qb6 7. Nb3 e6 8. Bg5 Ne5 9. Be2 Be7 10. 0-0 0-0 11. Kh1 h6 12. Be3 Qc7 13. Nd2 a6 14. f4 Ned7 15. a4 b6 16. Qe1 Bb7 17. Qg3 Kh8 18. Qh3 Rfe8 19. f5 Bf8 20. fxe6 Rxe6 21. Bc4 Re7 22. Bd3 Rae8 23. Bd4 Ne5 24. Nf3 g6 25. Nxe5 dxe5 26. Be3 Nh5 27. Qf3 Kg7 28. Qf2 1/2-1/2

[Event "St Petersburg White Nights"]
[Site "St Petersburg"]
[Date "1999.06.26"]
[Round "1"]
[White "Biriukov, Oleg V"]
[Black "Lukin, Andrei M"]
[Result "1/2-1/2"]
[WhiteElo "2407"]
[BlackElo "2440"]
[PlyCount "78"]
[EventDate "1999.06.26"]
[EventType "tourn"]
[EventRounds "9"]
[EventCountry "RUS"]
[EventCategory "8"]
[SourceTitle "CBM 072"]
[Source "ChessBase"]
[SourceDate "1999.10.01"]
[SourceVersion "1"]
[SourceVersionDate "1999.10.01"]
[SourceQuality "1"]

1. d4 d6 2. Nf3 g6 3. c4 Bg7 4. Nc3 Nd7 5. e4 e5 6. Be2 Ngf6 7. 0-0 0-0 8. Qc2 c6 9. Rd1 Qc7 10. Rb1 a5 11. b3 Re8 12. a3 Nf8 13. dxe5 dxe5 14. h3 Ne6 15. Be3 Nf4 16. Bf1 Be6 17. Na4 Nd7 18. c5 Rad8 19. Nd2 Nf8 20. Nb6 h5 21. Kh2 g5 22. Ndc4 g4 23. Nd6 gxh3 24. g3 Ng2 25. Bxg2 hxg2 26. Nxe8 Rxe8 27. Kxg2 h4 28. Nc4 Bxc4 29. Qxc4 hxg3 30. fxg3 Ne6 31. Rf1 Qd7 32. Rf2 Re7 33. Rbf1 Qe8 34. Qc3 Nd4 35. Qc4 Ne6 36. Rh1 Rd7 37. Rd2 Nd4 38. Rf1 Re7 39. Rdf2 Ne6 1/2-1/2

[Event "St Petersburg-ch"]
[Site "St Petersburg"]
[Date "1999.04.12"]
[Round "7"]
[White "Ignatiev, Alexander"]
[Black "Lukin, Andrei M"]
[Result "1/2-1/2"]
[WhiteElo "2291"]
[BlackElo "2440"]
[PlyCount "41"]
[EventDate "1999.04.??"]
[EventType "swiss"]
[EventRounds "9"]
[EventCountry "RUS"]
[SourceTitle "CBM 070 Extra"]
[Source "ChessBase"]
[SourceDate "1999.07.10"]
[SourceVersion "1"]
[SourceVersionDate "1999.07.10"]
[SourceQuality "1"]

1. d4 Nf6 2. c4 g6 3. Nc3 d5 4. Nf3 Bg7 5. e3 0-0 6. Be2 c5 7. 0-0 cxd4 8. exd4 Nc6 9. h3 b6 10. Ne5 Bb7 11. Bf3 Na5 12. Bg5 Rc8 13. cxd5 Nxd5 14. Bxd5 Bxd5 15. Nxd5 Qxd5 16. Bxe7 Rfe8 17. Bb4 Nc4 18. Bc3 Nxe5 19. dxe5 Qxd1 20. Rfxd1 Bxe5 21. Bxe5 1/2-1/2

[Event "St Petersburg-ch"]
[Site "St Petersburg"]
[Date "1999.04.11"]
[Round "6"]
[White "Lukin, Andrei M"]
[Black "Shaposhnikov, Evgeny"]
[Result "1/2-1/2"]
[WhiteElo "2440"]
[BlackElo "2474"]
[PlyCount "47"]
[EventDate "1999.04.??"]
[EventType "swiss"]
[EventRounds "9"]
[EventCountry "RUS"]
[SourceTitle "CBM 070 Extra"]
[Source "ChessBase"]
[SourceDate "1999.07.10"]
[SourceVersion "1"]
[SourceVersionDate "1999.07.10"]
[SourceQuality "1"]

1. e4 c5 2. Nf3 e6 3. c3 Nf6 4. e5 Nd5 5. Bc4 Nb6 6. Bb3 d6 7. exd6 Bxd6 8. d4 0-0 9. 0-0 cxd4 10. cxd4 N8d7 11. Nc3 Nf6 12. Qd3 Bd7 13. Bg5 Bc6 14. Rad1 Be7 15. Ne5 Nbd5 16. Qh3 Nxc3 17. bxc3 Be4 18. Rfe1 Bf5 19. Qf3 Qc7 20. Bf4 Bd6 21. h3 Nd5 22. Bd2 Ne7 23. Nc4 b5 24. Nxd6 1/2-1/2